スターフライヤー - Statistics

General Stats
  • This quiz has been taken 80 times
  • The average score is 5 of 6
Answer Stats
Answer % Correct
東京
100%
福岡
97%
関西
91%
中部
88%
北九州
86%
山口宇部
69%
No matching quizzes found
Score Distribution
Percent of People with Each Score
Percentile by Number Answered
Your Score History
You have not taken this quiz